000 00603nam a2200181Ia 4500
003 GCL
008 140319s9999 xx 000 0 ara d
040 _aGCL /
_cGCL
082 0 4 _a346.09
_bن ت
100 1 _aنبيل ابراهيم سعد
245 1 0 _aالتضامن ومبدا عدم افتراض التضامن دراسة تحليلية مقارنة /
_cنبيل ابراهيم سعد
260 _a[S.N] :
_bمنشاة المعارف الاسلامية ،
_c1987
300 _a127 ص
490 _a
650 0 4 _aالقانون المدنى
650 0 4 _aالتعهدات
942 _2ddc
_cBK
999 _c50681
_d50681